[Event "Open"]
[Site "Jersey JCI"]
[Date "2004.02.22"]
[Round "1"]
[White "Dodgson,J"]
[Black "Hillarp Persson,T"]
[Result "0-1"]
[WhiteElo "2141"]
[BlackElo "2530"]

1.e4 g6 2.d4 Bg7 3.Nc3 d6 4.Bg5 a6 5.Qd2 b5 6.f4 Bb7 7.a4 b4 8.Nd5 a5 9.Nf3 Nf6
10.Bxf6 exf6 11.Bc4 O-O 12.O-O Bh6 13.g3 Nd7 14.Rae1 c6 15.Ne3 Nb6 16.Bb3 c5
17.Nh4 Bg7 18.Nc4 Nxc4 19.Bxc4 f5 20.dxc5 fxe4 21.f5 d5 22.Bb5 Rc8 23.fxg6 hxg6
24.c6 Bxc6 25.Bxc6 Qb6+ 26.Kg2 Qxc6  0-1

[Event "5th Montenegro Open"]
[Site "Sozina SCG"]
[Date "2004.02.23"]
[Round "6"]
[White "Brajovic,R"]
[Black "Moldovan,D"]
[Result "1/2-1/2"]
[WhiteElo "2296"]
[BlackElo "2435"]

1.e4 g6 2.d4 Bg7 3.Nc3 d6 4.Nf3 a6 5.h3 b5 6.a3 Nd7 7.Bd3 c5 8.Be3 cxd4 9.Bxd4 Ngf6
10.O-O O-O 11.e5 dxe5 12.Nxe5 Bb7 13.Re1 Rc8 14.Nxd7 Qxd7 15.Be5 Rfd8 16.Qe2 Qc6
17.f3 Rd7 18.Qe3 Rcd8 19.Re2 Nh5 20.Bxg7 Nxg7 21.Be4 Qf6 22.Bxb7 Rxb7 23.Rd1 Rxd1+
24.Nxd1 Rd7 25.Rd2 Rxd2 26.Qxd2  1/2-1/2

[Event "5th Montenegro Open"]
[Site "Sozina SCG"]
[Date "2004.02.23"]
[Round "6"]
[White "Rabrenovic,M"]
[Black "Joksimovic,D"]
[Result "0-1"]
[WhiteElo "2323"]
[BlackElo "2198"]

1.e4 g6 2.d4 Bg7 3.Nc3 d6 4.Be3 Nf6 5.Qd2 c6 6.Nf3 b5 7.Bd3 Bg4 8.h3 Bxf3
9.gxf3 Nbd7 10.h4 a5 11.Ne2 Qb8 12.Ng3 c5 13.c3 h5 14.a4 b4 15.Bb5 O-O 16.Bh6 cxd4
17.Bxg7 Kxg7 18.Nf5+ gxf5 19.Qg5+ Kh8 20.Bxd7 Nh7 21.Qxh5 e6 22.Bc6 bxc3
23.Bxa8 cxb2 24.Rb1 Qb4+ 25.Kf1 Rg8 26.Qh6 Qc3 27.Ke2 Qc2+ 28.Qd2 d3+  0-1

[Event "1st Balagne Open"]
[Site "Calvi FRA"]
[Date "2004.02.26"]
[Round "7"]
[White "Karpatchev,A"]
[Black "Kozakov,M"]
[Result "1/2-1/2"]
[WhiteElo "2461"]
[BlackElo "2462"]

1.e4 d6 2.d4 g6 3.Nc3 Bg7 4.f4 Nc6 5.Be3 Nf6 6.Be2 O-O 7.Nf3 Ng4 8.Bg1 e5
9.d5 Nb8 10.h3 Nf6 11.fxe5 dxe5 12.Qd2 Qd6 13.O-O-O c6 14.g4 Kh8 15.Kb1 cxd5
16.exd5 a6 17.Ng5 Nbd7 18.h4 Qb4 19.a3 Qa5 20.Be3 b5 21.h5 gxh5 22.gxh5 h6
23.Rhg1 Bb7 24.Nf3 Rg8 25.Bxh6 b4 26.axb4 Qxb4 27.Bxg7+ Rxg7 28.Rxg7 Kxg7
29.Qg5+ Kf8 30.Nxe5 Rb8 31.Nxd7+ Nxd7 32.Qh6+ Ke8 33.d6 Bc6 34.Qh8+ Nf8 35.Qe5+ Ne6
36.d7+ Ke7 37.Nd5+ Bxd5 38.Rxd5 f6 39.d8=Q+ Rxd8 40.Qf5 Qe1+ 41.Bd1 Rxd5
42.Qxd5 Nf4 43.Qd4 Kf7 44.Qd7+ Kg8 45.Qg4+ Kh7 46.Qf5+ Kg8 47.Qg4+ Kh7 48.b3 Qe5
49.c3 Nd5 50.Bc2+ Kh8 51.Qc8+ Kg7 52.Qd7+ Kf8 53.Qc8+ Kg7 54.Kb2 Kh6 55.Bg6 Qe2+
56.Ka3 Qd2 57.b4 Nxc3 58.Qf8+ Kg5 59.Qc5+ Kh6 60.Kb3 Nd5 61.Bf7 Qd3+ 62.Kb2 Qd2+
63.Kb3 Qd3+ 64.Kb2 Qe2+ 65.Kb3 Qf3+ 66.Kb2 Ne3 67.Bb3 Qe2+ 68.Ka3 f5 69.Bf7 Qd3+
70.Kb2 Qd2+ 71.Ka3 Nc2+ 72.Kb3 Na1+ 73.Ka3 Nc2+ 74.Kb3 Na1+ 75.Ka3 Nc2+ 76.Kb3  1/2-1/2

[Event "ch-BRA"]
[Site "Rio de Janeiro BRA"]
[Date "2004.02.26"]
[Round "1"]
[White "Rocha,W"]
[Black "Silveira,N"]
[Result "1-0"]
[WhiteElo "2440"]
[BlackElo "2229"]

1.e4 g6 2.d4 Bg7 3.Nc3 d6 4.Be3 a6 5.Qd2 b5 6.h4 Bb7 7.h5 b4 8.h6 Nxh6 9.Bxh6 bxc3
10.Qxc3 Bxh6 11.d5 e5 12.Rxh6 Nd7 13.Nf3 Nf6 14.Rh4 h5 15.g3 Bc8 16.Nd2 O-O
17.Be2 Bd7 18.O-O-O Qe7 19.Rdh1 c6 20.Qe3 cxd5 21.Bxh5 Kg7 22.Bf3 Rh8 23.exd5 Rxh4
24.Rxh4 Rh8 25.Rxh8 Kxh8 26.Qh6+ Kg8 27.Qh4 Bf5 28.Be4 Bc8 29.Bg2 Kf8 30.Ne4 Ng8
31.Qxe7+ Kxe7 32.c4 f5 33.Nc3 Nf6 34.Kd2 Ng4 35.f3 Nf6 36.b4 Nh5 37.Ne2 Bb7
38.g4 Nf6 39.gxf5 gxf5 40.Bh3 Bc8 41.a4 Kd8 42.a5 Kc7 43.Nc3 Nh5 44.Na4 Nf4
45.Bf1 Bb7 46.Nb6 Kb8 47.Bd3 Nxd3 48.Kxd3 Kc7 49.Ke3 f4+ 50.Ke4 Bc8 51.Nxc8 Kxc8
52.c5 Kd7 53.cxd6  1-0

[Event "Open"]
[Site "Jersey JCI"]
[Date "2004.02.27"]
[Round "6"]
[White "Fraser,M"]
[Black "Hillarp Persson,T"]
[Result "0-1"]
[WhiteElo "2181"]
[BlackElo "2530"]

1.d4 g6 2.e4 Bg7 3.Nc3 d6 4.Be3 a6 5.Qd2 Nd7 6.Nf3 b5 7.a4 b4 8.Ne2 c5 9.c3 Bb7
10.Ng3 h5 11.h4 Ngf6 12.Bd3 bxc3 13.bxc3 Ng4 14.Bg5 cxd4 15.cxd4 Nc5 16.O-O Nxd3
17.Qxd3 O-O 18.Rfc1 Qd7 19.Ra2 Rfc8 20.Rac2 e6 21.a5 Rxc2 22.Rxc2 Qa4 23.Rc7 Bc6
24.Bd2 Qd1+ 25.Qf1 Qxf1+ 26.Kxf1 Bb5+ 27.Kg1 Rb8 28.Rc1 Bd3 29.Ne1 Bb5 30.Nf3 Bd3
31.Ne1 Bxd4 32.Nxd3 Rb3 33.Rc8+ Kh7 34.Nc1 Bxf2+ 35.Kf1 Rxg3 36.Rc6 Bc5 37.Rxa6 Ne3+
38.Bxe3 Rxe3 39.Rc6 Rc3  0-1

[Event "II GM-Tage"]
[Site "Pulvermuehle GER"]
[Date "2004.02.27"]
[Round "10"]
[White "Baramidze,D"]
[Black "Bezold,M"]
[Result "0-1"]
[WhiteElo "2456"]
[BlackElo "2456"]

1.e4 g6 2.d4 Bg7 3.Nc3 d6 4.f4 Nf6 5.Nf3 O-O 6.Be3 b6 7.e5 Ng4 8.Bg1 c5 9.dxc5 bxc5
10.Bc4 Bb7 11.h3 Nh6 12.e6 fxe6 13.Bxe6+ Kh8 14.Nd5 Nd7 15.c3 Nb6 16.Be3 Nf5
17.Bf2 Bh6 18.O-O Ng7 19.Nxb6 Qxb6 20.Bd5 Bxd5 21.Qxd5 Qxb2 22.Rae1 Rae8
23.Be3 Qxc3 24.g4 Bxf4 25.Bxf4 Rxf4 26.Ng5 Qg3+ 27.Kh1 Rxf1+ 28.Rxf1 h6 29.Nf7+ Kh7
30.Rf3 Qe1+ 31.Kg2 Rb8 32.Rf2 Rb1  0-1

[Event "TCh-SWE 2003-4"]
[Site "Goteborg SWE"]
[Date "2004.02.28"]
[Round "8"]
[White "Winge,S"]
[Black "Nilsson,O"]
[Result "1-0"]
[WhiteElo "2284"]
[BlackElo "2160"]

1.e4 g6 2.d4 Bg7 3.Nc3 d6 4.f4 c6 5.Nf3 Bg4 6.Be2 Nd7 7.Ng5 Bxe2 8.Nxe2 h6
9.Nf3 e5 10.Be3 Ngf6 11.Qd3 Qe7 12.Nc3 Ng4 13.fxe5 Nxe3 14.Qxe3 dxe5 15.d5 h5
16.O-O Bh6 17.Qe2 Qc5+ 18.Kh1 O-O 19.Rad1 Rad8 20.Rd3 f6 21.Nh4 Kh7 22.dxc6 bxc6
23.Rfd1 Qe7 24.Rd6 Nb6 25.Rxc6 Rxd1+ 26.Qxd1 Rd8 27.Nd5 Nxd5 28.exd5 e4 29.g3 Qe5
30.c4 Bg5 31.Ng2 Qxb2 32.h4 Bd2 33.Rc7+ Kg8 34.Qe2 Qe5 35.Rc6 e3 36.Kh2 Rb8
37.Re6 Qd4 38.Nxe3 Rb2 39.Nd1 Rb8 40.Re4  1-0

[Event "SFch-NED w"]
[Site "Leeuwarden NED"]
[Date "2004.02.28"]
[Round "1.1"]
[White "Van Nies,P"]
[Black "Van Run,R"]
[Result "1-0"]
[WhiteElo "2031"]
[BlackElo "2087"]

1.e4 g6 2.d4 Bg7 3.Nc3 d6 4.Nf3 Nc6 5.Bb5 Bd7 6.O-O e5 7.dxe5 dxe5 8.Bg5 f6
9.Be3 Nge7 10.Nd5 Na5 11.Be2 Be6 12.b4 Nac6 13.c4 b6 14.Qa4 Kf7 15.Rfd1 Qc8
16.c5 Rd8 17.Bc4 h6 18.Rd2 f5 19.Nxe7 Nxe7 20.Rxd8 Qxd8 21.Bxe6+ Kxe6 22.Rd1 Qe8
23.Qb3+ Kf6 24.Nxe5 Rd8 25.Rxd8 Qxd8 26.f4 Qg8 27.Nd7+  1-0

[Event "11th Metalis Open"]
[Site "Bizovac CRO"]
[Date "2004.02.29"]
[Round "7"]
[White "Markovic,Dr3"]
[Black "Mrkonjic,N"]
[Result "0-1"]
[WhiteElo "2188"]
[BlackElo "2347"]

1.e4 g6 2.d4 Bg7 3.Nc3 d6 4.f3 c6 5.Be3 b5 6.Qd2 a5 7.h4 h5 8.Nh3 b4 9.Ne2 Nd7
10.Ng5 Nf8 11.Nf4 Nf6 12.Bc4 d5 13.Bd3 dxe4 14.Nxe4 Ne6 15.Nxf6+ Bxf6 16.Be4 Qd6
17.Nxe6 Bxe6 18.Bf4 Qd7 19.Be5 Bxe5 20.dxe5 Qc7 21.O-O-O Kf8 22.Qf4 Kg7 23.g4 a4
24.Qg5 Ra5 25.f4 Bxg4 26.Rhg1 b3 27.Rd3 bxa2 28.Ra3 Qa7 29.Rg2 Rd8 30.b4 Qe3+
31.Kb2 Qxa3+  0-1

[Event "20th Open"]
[Site "Cappelle la Grande FRA"]
[Date "2004.03.01"]
[Round "3"]
[White "Seret,JL"]
[Black "Mista,A"]
[Result "1-0"]
[WhiteElo "2315"]
[BlackElo "2521"]

1.e4 g6 2.d4 Bg7 3.Nc3 d6 4.Be3 c6 5.Nf3 Nf6 6.Qd2 Nbd7 7.Bh6 Bxh6 8.Qxh6 e5
9.O-O-O Qe7 10.h3 b5 11.dxe5 dxe5 12.Bxb5 cxb5 13.Nxb5 Qc5 14.Nd6+ Ke7 15.Ng5 Rf8
16.Rd2 Nb6 17.Qh4 h6 18.Nh7 g5 19.Qxh6 Nxh7 20.Qxh7 Be6 21.Nf5+ Bxf5 22.Qxf5 f6
23.Rhd1 Qc8 24.Qf3 Qc4 25.b3 Qc6 26.h4 gxh4 27.Qg4 Rac8 28.c4 Qe6 29.Qxh4 Rc7
30.Qh7+ Qf7 31.Qh3 Rfc8 32.Kb1 Rb8 33.c5 Rbb7 34.cxb6 axb6 35.Rd6 b5 36.Qd3 Qg8
37.Rd8 Qg7 38.Qd6+ Kf7 39.Qd5+ Ke7 40.Rg8  1-0

[Event "20th Open"]
[Site "Cappelle la Grande FRA"]
[Date "2004.03.01"]
[Round "3"]
[White "Sulskis,S"]
[Black "Postny,E"]
[Result "1/2-1/2"]
[WhiteElo "2582"]
[BlackElo "2537"]

1.e4 g6 2.d4 Bg7 3.Nc3 d6 4.Be3 c6 5.h3 b5 6.g4 Nf6 7.Bg2 Nfd7 8.Nf3 Bb7
9.O-O O-O 10.Qd2 Re8 11.Rad1 Qc7 12.Ne2 c5 13.Ng3 cxd4 14.Nxd4 a6 15.Bh6 Bh8
16.f4 Nc6 17.c3 Rac8 18.Kh2 Nxd4 19.cxd4 Qc2 20.e5 Bxg2 21.Qxg2 Qxg2+ 22.Kxg2 Rc2+
23.Rf2 Rec8 24.Ne4 Rxf2+ 25.Kxf2 d5 26.Nc3 Nb6 27.Rc1 f6 28.Ne2 Rxc1 29.Nxc1 g5
30.Nd3 gxf4 31.e6 f5 32.gxf5 Bxd4+ 33.Kf3 Nc4 34.Nxf4 Ne5+ 35.Ke2 Bxb2 36.Nxd5 Nc6
37.Kd3 a5 38.h4 a4 39.Bd2 h5 40.Bc3 Ba3 41.f6 exf6 42.Bxf6 Kf8 43.Kc3 Bd6
44.Kd3 Ke8 45.Bg5 b4 46.Bf6 Nd8 47.Kc4 b3 48.axb3 axb3 49.Kxb3  1/2-1/2

[Event "ch-BRA"]
[Site "Rio de Janeiro BRA"]
[Date "2004.03.01"]
[Round "6"]
[White "Paiva,P"]
[Black "Guimaraes,W"]
[Result "1/2-1/2"]
[WhiteElo "2064"]
[BlackElo "2237"]

1.e4 g6 2.d4 Bg7 3.Nc3 d6 4.Be3 a6 5.Qd2 b5 6.h4 h5 7.f3 Bb7 8.Nh3 Nd7 9.O-O-O c5
10.dxc5 Nxc5 11.Ng5 Rc8 12.Kb1 b4 13.Nd5 a5 14.Bd4 Nf6 15.Bb5+ Kf8 16.Nxf6 exf6
17.Nh3 Qb6 18.Bc4 Qc7 19.Be2 Bh6 20.Be3 Bxe3 21.Qxe3 Kg7 22.Rd2 Na4 23.Qb3 Nc5
24.Qe3 Rce8 25.Nf4 Qe7 26.Bc4 Qe5 27.g3 Nd7 28.Be2 Nc5 29.Bc4 Na4 30.Bb3 Nc5  1/2-1/2

[Event "20th Open"]
[Site "Cappelle la Grande FRA"]
[Date "2004.03.04"]
[Round "7"]
[White "Vysochin,S"]
[Black "Badea,B"]
[Result "1/2-1/2"]
[WhiteElo "2584"]
[BlackElo "2509"]

1.e4 g6 2.d4 Bg7 3.Nc3 d6 4.Be3 a6 5.Nf3 Nd7 6.h3 e5 7.dxe5 dxe5 8.Qd2 Ngf6
9.O-O-O Qe7 10.g4 c6 11.g5 Nh5 12.h4 O-O 13.Qd6 Qxd6 14.Rxd6 Re8 15.Bh3 Nf8
16.Bxc8 Raxc8 17.Na4 Nf4 18.Nc5 Rc7 19.Rhd1 Rce7 20.Rd8 Ne2+ 21.Kb1 Nd4 22.Rxe8 Rxe8
23.Nd2 Re7 24.Nc4 Nfe6 25.Nxe6 Nxe6 26.b4 f5 27.c3 fxe4 28.Kc2 Rc7 29.Nd6 Rd7
30.Nxe4 Rxd1 31.Kxd1 b5 32.Ke2 Kf7 33.Kf3 Bf8 34.Nf6 h5 35.Nd7 Bd6 36.Ke4 Ng7
37.Bc5 Bc7 38.Ba7 Nf5 39.Nc5 Nxh4 40.Nxa6 Bd6 41.Bb8 Nf5 42.Bxd6 Nxd6+ 43.Kxe5 h4
44.Kf4 h3 45.Kg3 Ne4+ 46.Kxh3 Nxg5+ 47.Kg2 Ne4 48.Nb8 Nxc3 49.a3 Ke6 50.Nxc6 Kd6
51.Na7 Kc7 52.Kf3 Kb7 53.Nxb5 Nxb5 54.Kf4 Nxa3 55.Ke4 Nb1  1/2-1/2

[Event "ch-PER"]
[Site "Lima PER"]
[Date "2004.03.05"]
[Round "1.2"]
[White "Velasco,E"]
[Black "Condori,E"]
[Result "0-1"]
[WhiteElo "2050"]
[BlackElo "2225"]

1.e4 d6 2.d4 g6 3.Nc3 Bg7 4.Be3 c6 5.Bc4 Nf6 6.f3 O-O 7.Qd2 d5 8.Bb3 dxe4
9.fxe4 e5 10.d5 cxd5 11.exd5 Na6 12.O-O-O Bg4 13.Nge2 Nd7 14.Bh6 Nac5 15.Bxg7 Kxg7
16.h3 Bxe2 17.Qxe2 f5 18.d6 Rf6 19.h4 h5 20.Rh3 Qf8 21.Qd2 Rd8 22.Qd5 a6
23.Na4 Ne4 24.Qxb7 Nf2 25.Nc5 Kh8 26.Nxd7 Rxd6 27.Rxd6 Qxd6  0-1

[Event "ch-PER"]
[Site "Lima PER"]
[Date "2004.03.05"]
[Round "1.2"]
[White "Ledesma,O"]
[Black "Robbiano Taboada,C"]
[Result "1-0"]
[WhiteElo "2206"]
[BlackElo "2262"]

1.d4 d6 2.e4 g6 3.Nc3 Bg7 4.Be3 Nf6 5.f3 O-O 6.Qd2 c6 7.Nge2 Nbd7 8.g3 e5
9.Bg2 d5 10.exd5 Nxd5 11.Nxd5 cxd5 12.O-O Nb6 13.b3 Be6 14.dxe5 Bxe5 15.Bd4 Qd6
16.f4 Bxd4+ 17.Nxd4 f6 18.a4 Bf7 19.Rad1 Rac8 20.Qf2 a6 21.Rd2 Rfe8 22.Rfd1 Qc5
23.h4 Nd7 24.f5 Kg7 25.Bh3 Re7 26.fxg6 hxg6 27.h5 Ne5 28.h6+ Kh7 29.Bxc8 Qxc8
30.Qxf6 Qf8 31.Re2  1-0

[Event "ch-PER"]
[Site "Lima PER"]
[Date "2004.03.07"]
[Round "3.2"]
[White "Esplana,C"]
[Black "Oblitas,C"]
[Result "1-0"]
[WhiteElo "2320"]
[BlackElo "2387"]

1.e4 g6 2.d4 Bg7 3.Nc3 d6 4.f4 c6 5.Nf3 Bg4 6.Be2 Qb6 7.e5 Nh6 8.Ne4 Nf5
9.c3 O-O 10.Qb3 Nd7 11.O-O d5 12.Ng3 Nxg3 13.hxg3 e6 14.Be3 Rfc8 15.Rfc1 Bf8
16.c4 dxc4 17.Bxc4 Qxb3 18.Bxb3 Nb6 19.Nd2 Bf5 20.Nc4 Nd5 21.Bd2 Rd8 22.Na5 Rab8
23.a3 h5 24.Kf2 Rd7 25.Bd1 Nb6 26.Be3 Rc8 27.b4 Nd5 28.Bd2 Be4 29.Bf3 Bxf3
30.gxf3 Be7 31.Rc2 Bf8 32.Rh1 Ne7 33.Be3 Nf5 34.Nb3 Be7 35.g4 Ng7  1-0

[Event "ch-VIE"]
[Site "Dalat City VIE"]
[Date "2004.03.14"]
[Round "4"]
[White "Hoang Nam Thang"]
[Black "Dinh Duc Trong"]
[Result "0-1"]
[WhiteElo "2361"]
[BlackElo "2365"]

1.e4 d6 2.d4 g6 3.Nc3 Bg7 4.Be2 a6 5.f4 b5 6.Bf3 Bb7 7.Nh3 Nd7 8.O-O c5 9.dxc5 Nxc5
10.Qe2 b4 11.Nd5 e6 12.Nxb4 Qb6 13.c3 Bxe4 14.Be3 Nf6 15.Nf2 Bxf3 16.Qxf3 O-O
17.Nbd3 Qb5 18.Bd4 Nxd3 19.Nxd3 Rac8 20.Rad1 Nd5 21.Bxg7 Kxg7 22.Rfe1 Rc4
23.Kh1 Rfc8 24.h3 a5 25.Rd2 h5 26.Qg3 Qb6 27.Rde2 Nf6 28.f5 exf5 29.Nf4 Re4
30.Kh2 Rce8 31.b3 Qc5 32.c4 Qe5 33.Rxe4 fxe4 34.Ne2 Qc5 35.Rd1 d5 36.cxd5 Nxd5
37.Qg5 Qc7+ 38.Kh1 Re5 39.Qd2 Ne7 40.Rc1 Qb8 41.Qb2 Kh7 42.Nd4 Qd6 43.Re1 Qd5
44.a3 Nc8 45.b4 axb4 46.axb4 Nd6 47.b5 Nc4 48.Qc3 e3 49.Nf3 Re6 50.Qb4 Rf6
51.Re2 Rxf3 52.gxf3 Qxf3+ 53.Rg2 e2 54.Kh2 Ne3  0-1

[Event "TCh-FIN 2003-4"]
[Site "Finland FIN"]
[Date "2004.03.14"]
[Round "9"]
[White "Kanko,I"]
[Black "Lehtinen,A"]
[Result "0-1"]
[WhiteElo "2275"]
[BlackElo "2156"]

1.d4 d6 2.e4 g6 3.Nc3 Bg7 4.Be3 c6 5.h3 Nd7 6.Nf3 Qc7 7.a4 e5 8.Bc4 Ngf6
9.O-O O-O 10.a5 Re8 11.Ng5 Re7 12.f4 exd4 13.Bxd4 h6 14.e5 dxe5 15.fxe5 Nxe5
16.Bxe5 Qxe5 17.Qd8+ Bf8 18.Nxf7 Rxf7 19.Bxf7+ Kxf7 20.Rae1 Qd6 21.Rxf6+ Qxf6
22.Qe8+ Kg7 23.Kh1 b6 24.Ne4 Qe6 25.Qd8 c5 26.Rf1 Bb7  0-1

[Event "70th ch-BLR"]
[Site "Minsk BLR"]
[Date "2004.03.14"]
[Round "11"]
[White "Gorovets,A"]
[Black "Maljush,A"]
[Result "1/2-1/2"]
[WhiteElo "2393"]
[BlackElo "2344"]

1.e4 g6 2.d4 Bg7 3.Nc3 d6 4.Be3 Nf6 5.f3 c6 6.Qd2 b5 7.Nge2 h5 8.h4 Nbd7
9.a4 b4 10.Nd1 a5 11.b3 c5 12.Nb2 O-O 13.O-O-O Bb7 14.Bh6 Rc8 15.Bxg7 Kxg7
16.d5 Ne5 17.Ng3 Qb6 18.Be2 Ba6 19.f4 Ned7 20.Bc4 Qa7 21.Qe2 Bxc4 22.Nxc4 Nb6
23.Nf1 Ng4 24.Nxb6 Qxb6 25.Nd2 c4 26.Nxc4 Rxc4 27.bxc4 Nf2 28.Rhf1 Nxd1 29.Rxd1 Rb8
30.Kb2 b3 31.c3 Qc5 32.Qd2 f6 33.Qd4 Qc8 34.Qd3 Qd7 35.Ra1 Qg4 36.g3 Qh3
37.Re1 Qd7 38.Ra1 Qh3 39.Rd1 Qd7  1/2-1/2

[Event "ch-VIE"]
[Site "Dalat City VIE"]
[Date "2004.03.16"]
[Round "7"]
[White "Bao Quang"]
[Black "Dinh Duc Trong"]
[Result "0-1"]
[WhiteElo "2315"]
[BlackElo "2365"]

1.e4 d6 2.d4 g6 3.Nc3 Bg7 4.Be3 a6 5.f4 b5 6.Be2 Nd7 7.Bf3 e6 8.Nh3 Ne7 9.O-O Bb7
10.Qe1 O-O 11.Rd1 Nb6 12.b3 Qd7 13.Qh4 f5 14.e5 Bxf3 15.Rxf3 Ned5 16.Nxd5 Nxd5
17.Bd2 c5 18.dxc5 dxc5 19.Qf2 c4 20.Bb4 Rfc8 21.Bd6 cxb3 22.cxb3 Bf8 23.Bxf8 Kxf8
24.Rfd3 h6 25.Qh4 Qg7 26.Nf2 g5 27.fxg5 hxg5 28.Qd4 Qa7 29.Qxa7 Rxa7 30.g4 fxg4
31.Nxg4 Rc2 32.Nf6 Nxf6 33.exf6 Kf7 34.Rg3 Rac7 35.Rxg5 Kxf6 36.h4 Rc1 37.Rxc1 Rxc1+
38.Kh2 Rc2+ 39.Rg2 Rc3 40.Rg3 b4 41.Kh3 Kf5 42.Kh2 Rc2+ 43.Kh3 Rxa2 44.Rf3+ Ke4
45.Kg3 e5 46.h5 Ra1 47.Rf2 Rg1+ 48.Kh4 Rh1+ 49.Kg5 Kd3 50.Rf3+ Kd2 51.Rf2+ Kc3
52.Rf3+ Kd2 53.Rf2+ Kd3 54.Rf3+ Kc2 55.Rf2+ Kxb3  0-1

[Event "TCh-AUT 2003-4"]
[Site "Jenbach AUT"]
[Date "2004.03.19"]
[Round "9"]
[White "Ljubic,J"]
[Black "Moser,Gu"]
[Result "0-1"]
[WhiteElo "2241"]
[BlackElo "2356"]

1.e4 g6 2.d4 Bg7 3.Nc3 d6 4.Be3 c6 5.Qd2 Nd7 6.a4 Qc7 7.Nf3 Ngf6 8.Bh6 O-O
9.Bxg7 Kxg7 10.Be2 e5 11.dxe5 dxe5 12.O-O a5 13.Rfd1 Nc5 14.Qe3 Ne6 15.h3 h6
16.Bf1 Re8 17.Rd2 b6 18.Rad1 Nc5 19.Ne1 Nh5 20.Nd3 Ne6 21.g3 Re7 22.Ne2 Ba6
23.Nec1 Ng5 24.Bg2 Rae8 25.h4 Ne6 26.b4 Bxd3 27.Nxd3 Ra8 28.Rb1 axb4 29.Nxb4 Rxa4
30.Qc3 Nc5 31.Ra1 Rxa1+ 32.Qxa1 Nf6 33.f3 Rd7 34.Rxd7 Nfxd7 35.Qa8 Nb8 36.Kh2 Qd6
37.Qa7 b5 38.c3 Ncd7 39.Qe3 Nc5 40.f4 f6 41.f5 g5 42.Qf3 Qd7 43.Qh5 Qf7 44.Qe2 Nca6
45.Nxc6 Nxc6 46.Qxb5 Nab8 47.Bf1 Qc7 48.Bc4 Nd8 49.Qd5 Nf7 50.Bb3 Nc6 51.hxg5 hxg5
52.Kh3 Ncd8 53.c4 Nb7 54.Bd1 Nfd6 55.Be2 Qc5 56.Qe6 Nd8 57.Qe7+ N8f7 58.Bh5 Qxc4
59.Bxf7 Nxf7 60.Qb7 Qf1+ 61.Kh2 Qe2+ 62.Kg1 Qh5 63.Kg2 g4 64.Qb3 Qh8 65.Qd1 Qh3+  0-1

[Event "TCh-CZE Extraliga 2003-4"]
[Site "Czech Rep CZE"]
[Date "2004.03.20"]
[Round "8"]
[White "Buchnicek,P"]
[Black "Vokac,M"]
[Result "1/2-1/2"]
[WhiteElo "2334"]
[BlackElo "2460"]

1.e4 g6 2.d4 Bg7 3.Nc3 d6 4.Be3 a6 5.Qd2 b5 6.a4 b4 7.Nd1 a5 8.c3 Nf6 9.f3 bxc3
10.bxc3 c6 11.Bd3 Ba6 12.Ne2 Bxd3 13.Qxd3 O-O 14.O-O Nbd7 15.Nf2 Qc7 16.g4 Nb6
17.f4 d5 18.e5 Nfd7 19.f5 c5 20.g5 cxd4 21.cxd4 Qc4 22.f6 exf6 23.gxf6 Bxf6
24.exf6 Rfe8 25.Ra3 Nxf6 26.Nf4 Qxd3 27.Rxd3 Nxa4 28.Rb1 Rab8 29.Rdb3 Rxb3
30.Rxb3 Nb2 31.Rxb2 Rxe3 32.Ra2 g5 33.N4d3 g4 34.Rxa5 g3 35.hxg3 Rxg3+ 36.Kh2 Rf3
37.Kg2 Rf5 38.Nh3 h5 39.Ne5 Kg7 40.Kg3 Ne4+ 41.Kh4 Nd2 42.Kg3 Nb3 43.Rxd5 Nxd4
44.Rxd4  1/2-1/2

[Event "It"]
[Site "Rishon le Zion ISR"]
[Date "2004.03.20"]
[Round "1"]
[White "Kaplan,S"]
[Black "Bykhovsky,Av"]
[Result "1/2-1/2"]
[WhiteElo "2292"]
[BlackElo "2439"]

1.e4 g6 2.d4 Bg7 3.Nc3 d6 4.f4 Nf6 5.Nf3 c5 6.Bb5+ Bd7 7.e5 Ng4 8.e6 Bxb5
9.exf7+ Kd7 10.Nxb5 Qa5+ 11.Nc3 cxd4 12.Nxd4 Bxd4 13.Qxd4 Nc6 14.Qd1 Qf5
15.h3 Qe6+ 16.Qe2 Nf6 17.Be3 Raf8 18.O-O-O a6 19.Rhe1 h5 20.Qf3 Qxf7 21.g4 hxg4
22.hxg4 Rh4 23.g5 Nh5 24.Nd5 e6 25.Qf2 Rg4 26.Qe2 Rg3 27.Nb6+ Kc7 28.Qd2 d5
29.c4 d4 30.Bxd4 Nxd4 31.Qxd4 Qxf4+ 32.Qxf4+ Nxf4 33.Nd7 Rf5 34.Ne5 Rfxg5
35.Rd7+ Kc8 36.Rd4 Rf5 37.c5 Rg2 38.Kb1 Ne2 39.Re4 Ng3 40.Rg4 Rff2 41.Nc4 Nf5
42.Rge4 Ng7 43.Rd1 Kc7 44.Red4 Nf5 45.Rd7+ Kc6 46.Ne5+ Kxc5 47.Nd3+ Kc6 48.Nxf2 Rxf2
49.Rh7  1/2-1/2

[Event "TCh-CZE Extraliga 2003-4"]
[Site "Czech Rep CZE"]
[Date "2004.03.21"]
[Round "9"]
[White "Cech,P"]
[Black "Vokac,M"]
[Result "1/2-1/2"]
[WhiteElo "2397"]
[BlackElo "2460"]

1.d4 g6 2.e4 Bg7 3.Nc3 d6 4.Be3 a6 5.Qd2 b5 6.Bd3 Nd7 7.a4 b4 8.Nce2 c5 9.Nf3 Qc7
10.c3 bxc3 11.bxc3 Ngf6 12.O-O Bb7 13.Ng3 Ng4 14.Bf4 e5 15.dxe5 dxe5 16.Bg5 c4
17.Bc2 h6 18.Bh4 Ngf6 19.Rab1 O-O 20.Bxf6 Nxf6 21.Nxe5 Rad8 22.Qf4 Rc8 23.Qf3 Bxe4
24.Nxe4 Qxe5 25.Nxf6+ Qxf6 26.Qxf6 Bxf6 27.Rb6 Bxc3 28.Rxa6 Rfe8 29.h4 h5
30.Rd6 Re2 31.Bd1 Rb2 32.g4 hxg4 33.Bxg4 Rc7 34.h5 gxh5 35.Bf5 Bd2 36.Rb1 Rxb1+
37.Bxb1 c3 38.Bc2 Rb7 39.Rc6 Rb2 40.Be4 Ra2 41.Rc4 Kg7 42.Bd3 Kf6 43.Rc5 Rxa4
44.Rxh5 Bg5 45.Kf1 Ra1+ 46.Kg2 Rd1 47.Bh7 Rd2 48.Rh3 Kg7 49.Bf5 Bf6 50.Rg3+ Kf8
51.Rg4 Bd4 52.Rf4 Ke7 53.Kf1 Kd6 54.Bh7 f6 55.Ke1 Kc5 56.Bf5 Ra2 57.Bd3 Rd2
58.Bf5 Kb4 59.Re4 Rd3 60.Re2 Rf3 61.Bc2 Kc5 62.Kf1 Rf4 63.Bd3 Rh4 64.Kg2 Be5
65.Bc2 Rb4 66.Kf3 Rf4+ 67.Ke3 Rh4 68.Kf3 Rh2 69.Ke3 Kc4 70.Bd3+ Kb4 71.Bc2 Rh4
72.Kd3 Rd4+ 73.Ke3 Kc4 74.Kf3 Rd8 75.Re4+ Kc5 76.Re2 Kb4 77.Ke4 Ka3 78.Ke3 Bc7
79.Kf3 Bb6 80.Bf5 Rd1 81.Bc2 Rc1 82.Bf5 Kb3 83.Be6+ Kb4 84.Bf5 Kc4 85.Be6+ Kd4
86.Bf5 Bc7 87.Re4+ Kc5 88.Re2 Be5 89.Ke3 Bd4+ 90.Kf3 Ra1 91.Bg6 Ra8 92.Bc2 Ra2
93.Bf5 Rb2 94.Rxb2 cxb2 95.Ke2 Kc4 96.f3 Kb3 97.Bb1 Kc3  1/2-1/2

[Event "14th Asian Cities"]
[Site "Tagaytay City PHI"]
[Date "2004.03.22"]
[Round "3"]
[White "Situru,N"]
[Black "Donguines,F"]
[Result "0-1"]
[WhiteElo "2375"]
[BlackElo "2413"]

1.e4 g6 2.d4 d6 3.Nc3 Bg7 4.Be3 c6 5.Qd2 b5 6.a3 a6 7.f3 Nd7 8.g4 Nb6 9.b3 Qc7
10.Nge2 h5 11.g5 e6 12.Bg2 Ne7 13.O-O Bb7 14.a4 Nd7 15.f4 d5 16.f5 gxf5 17.exf5 Nxf5
18.Rxf5 exf5 19.Bf4 Qb6 20.a5 Qa7 21.Bd6 O-O-O 22.Bh3 c5 23.Nd1 cxd4 24.Nf2 Rhe8
25.Nd3 Re6 26.Bg3 h4 27.Bf2 Rde8 28.Nef4 Ne5 29.Nxe5 Rxe5 30.Nd3 Re3 31.Bxf5+ Kb8
32.Bxh4 Ka8 33.Rf1 Qb8 34.Qd1 Bf8 35.Qg4 Bd6 36.Rf2 R3e4 37.Qh5 Rh8 38.Bh7 Qc7
39.b4 Qc8 40.Rg2 Qh3  0-1

[Event "TCh-BEL 2003-4"]
[Site "Belgium BEL"]
[Date "2004.03.23"]
[Round "11"]
[White "Renard,S"]
[Black "Tjiam,D"]
[Result "0-1"]
[WhiteElo "1967"]
[BlackElo "2324"]

1.e4 g6 2.Nc3 Bg7 3.d4 d6 4.Nf3 Nf6 5.Bg5 c6 6.Qd2 b5 7.Bd3 a6 8.O-O O-O
9.Bh6 Nbd7 10.Bxg7 Kxg7 11.Rad1 e5 12.a3 Bb7 13.Rfe1 Qc7 14.Qg5 h6 15.Qg3 Nh5
16.Qh4 Ndf6 17.dxe5 dxe5 18.g4 Nf4 19.Bf1 Rae8 20.g5 hxg5 21.Qxg5 Bc8 22.Nh4 Rh8
23.Re3 Rh5 24.Qg3 Reh8 25.Nf3 Ng4 26.Red3 Rh3  0-1

[Event "14th Asian Cities"]
[Site "Tagaytay City PHI"]
[Date "2004.03.25"]
[Round "7"]
[White "Paragua,M"]
[Black "Donguines,F"]
[Result "1-0"]
[WhiteElo "2529"]
[BlackElo "2413"]

1.e4 g6 2.d4 Bg7 3.Nc3 d6 4.f4 Nf6 5.Nf3 c5 6.Bb5+ Nfd7 7.dxc5 dxc5 8.O-O O-O
9.e5 a6 10.Bd3 Nc6 11.Be4 Na7 12.a4 Rb8 13.Be3 e6 14.Qe1 b6 15.Rd1 Bb7 16.Qd2 Bxe4
17.Nxe4 Rb7 18.f5 exf5 19.Bg5 Qb8 20.Nd6 Nxe5 21.Nxe5 Bxe5 22.Nxb7 Qxb7 23.c3 Nc6
24.Rfe1 Qc7 25.h3 Rc8 26.Qd5 Kg7 27.a5 Bg3 28.axb6 Qxb6 29.Re2 c4+ 30.Kh1 Qb5
31.Qd2 f4 32.Bxf4 Bh4 33.Bh6+ Kg8 34.Qd7 Qb8 35.Rf1  1-0

[Event "14th Asian Cities"]
[Site "Tagaytay City PHI"]
[Date "2004.03.26"]
[Round "8"]
[White "Li Shilong"]
[Black "Irzhanov,R"]
[Result "1-0"]
[WhiteElo "2522"]
[BlackElo "2501"]

1.e4 g6 2.d4 Bg7 3.Nc3 d6 4.Be3 c6 5.Qd2 Nd7 6.Nf3 b5 7.Bd3 Qc7 8.O-O Ngf6
9.Bh6 O-O 10.Ne2 e5 11.Ng3 exd4 12.Nxd4 Bxh6 13.Qxh6 Ne5 14.Be2 d5 15.exd5 Nxd5
16.Rad1 a6 17.Ne4 f6 18.Qh4 Kg7 19.b3 h6 20.f4 Nf7 21.f5 g5 22.Qf2 Nf4 23.Bf3 Ne5
24.Nc5 Qe7 25.b4 a5 26.Nxc6 Nxf3+ 27.Qxf3 Qe2 28.Nd4 Qxf3 29.Rxf3 Kf7 30.Nxb5 axb4
31.Nd6+ Kg8 32.Re3 Ra3 33.Rxa3 bxa3 34.g3 Ne2+ 35.Kf2 Nc3 36.Rd3 Nxa2 37.Rxa3 Rd8
38.Nce4  1-0

[Event "TCh-CZE Extraliga 2003-4"]
[Site "Czech Rep CZE"]
[Date "2004.04.03"]
[Round "10"]
[White "Berezjuk,S"]
[Black "Nedela,V"]
[Result "1/2-1/2"]
[WhiteElo "2358"]
[BlackElo "2378"]

1.d4 d6 2.e4 g6 3.Nc3 Bg7 4.Be3 c6 5.Qd2 b5 6.Nf3 a6 7.h3 Nd7 8.a4 Bb7 9.Bd3 Qc7
10.O-O b4 11.Ne2 a5 12.c3 bxc3 13.bxc3 Ngf6 14.Ng3 h5  1/2-1/2

[Event "It U21"]
[Site "Los Llanos ESP"]
[Date "2004.04.03"]
[Round "1"]
[White "Garcia Rodriguez,Va"]
[Black "Castro Acosta,A"]
[Result "0-1"]
[WhiteElo "2016"]
[BlackElo "2119"]

1.e4 g6 2.d4 Bg7 3.Nc3 d6 4.Bc4 c6 5.h3 d5 6.exd5 b5 7.Bb3 b4 8.Nce2 cxd5
9.Nf3 Nf6 10.O-O O-O 11.a3 bxa3 12.Rxa3 Ba6 13.Bf4 Qb6 14.Re1 Nc6 15.Nc3 Bc4
16.Na4 Qb5 17.Nc5 Rfc8 18.c3 e6 19.Bxc4 dxc4 20.Qe2 Nd5 21.Bg3 Bf8 22.b3 Nxc3
23.Qxc4 Nxd4 24.Nxd4 Qxc5 25.Raa1 Qxc4 26.bxc4 Bg7 27.Be5 Bxe5 28.Rxe5 Rxc4
29.Nf3 Nd5 30.Nd2 Rb4 31.Ne4 a5 32.Nc5 a4 33.Re2 Rc4 34.Nd7 Ra7 35.Ne5 Rc3
36.Nf3 a3 37.Nd4 Ra5 38.Nc2 Rb3  0-1